000 00721nam a2200217Ii 4500
003 JO-AjNU
008 230605s9999||||xx |||||||||||||| ||und||
017 _a1986/1491
040 _aJO-AjNU
_bara
_erda
_cJO-AjNU
041 _aara
050 1 4 _aJF1358.1985
100 3 _aالبياع ، محمد حسن عبد الهادي ,
_eauthor
_916482
245 0 0 _aالتنمية الادارية ودورها في معالجة المشكلات الادارية
250 _a(د،ط)
264 3 1 _aبغداد ، الدار العربية ، 1986
300 _a168ص
336 _atext
_btxt
_2rdacontent
337 _aunmediated
_bn
_2rdamedia
338 _avolume
_bnc
_2rdacarrier
650 4 _aادارة عامة
_916483
999 _aA4897
_c8465
_d8465